• 首页
  • 本馆介绍
  • 公告通知
  • 最新文献
  • 馆藏检索
  • 电子资源
  • 读者荐购
  • 参考咨询
  • CALIS
  • 我的图书馆
  • 登录
  • 详细信息显示
  • 放入我的书架
  • 预约/预借图书
  • 作者相关作品
  • 分类相关作品
  • 丛书相关作品
  • 出版社相关作品

书目信息

  • 表格格式
  • 工作单格式
  • 卡片格式
题名:
住房室内装修
    
 
作者: 嘉龙等编著
分册:  
出版信息: 北京   金盾出版社  1996.06
页数: 131页
开本: 16开
丛书名:
单 册:
中图分类: TU767.7
科图分类:
主题词: 建筑工程--工程施工
电子资源:
ISBN: 7-80022-567-4
 
 
 
 
 
000 00521nam0 2200181 45
001 0199003287
005 20220525144935.13
010    @a7-80022-567-4@d9.90元
100    @a19990804d km y0chiy0120 ea
101 0  @achi
105    @a z 000yy
200 1  @AZHU FANG SHI NEI ZHUANG XIU@FJIA LONG DENG BIAN ZHU@a住房室内装修@f嘉龙等编著
210    @a北京@c金盾出版社@d1996.06
215    @a131页@c无图表@d16开
606 0  @a建筑工程@x工程施工
690    @aTU767.7@v4
801  0 @aCN@bPFT@c20220525
905    @dTU767.7@eJ230@f1
    
    住房室内装修/嘉龙等编著.-北京:金盾出版社,1996.06
    131页:无图表;16开
    
    
    ISBN 7-80022-567-4:9.90元
    
●
相关链接 在E读中查询图书 在当当中查询图书 在豆瓣中查询图书


正题名:住房室内装修     索取号:TU767.7/J230         预约/预借

序号 登录号 条形码 馆藏地/架位号 状态 备注
1 32933   200070742   建筑库201/201建筑库 48排2列3层/ [索取号:TU167/J297] 在馆    
2 63184   200631842   自科二线404/404自科库 9排1列2层/ [索取号:TU167/J297] 在馆    
3 63185   200631851   自科二线404/404自科库 9排1列2层/ [索取号:TU167/J297] 在馆    
4 63186   200631860   建筑库201/201建筑库 48排2列3层/ [索取号:TU167/J297] 在馆    
5 63187   200631879   建筑库201/201建筑库 48排2列3层/ [索取号:TU167/J297] 在馆    
6 63188   200631888   自科二线404/404自科库 13排6列3层/ [索取号:TU167/J297] 在馆    
河南城建学院图书馆 欢迎您!
大连网信软件有限公司© 版权所有